000 00817nab a2200253 u 4500
001 14775
003 HDC
007 cr bn ---aaaaa
008 210215c mydr|nes 0 a may d
040 _aHDC
100 _aAshriq Fahmy Ahmad
_eauthor
_97819
245 0 _aIndustri madu kelulut lumayan /
_cby Ashriq Fahmy Ahmad
260 _aMalaysia:
_bUtusan Malaysia,
_c2015
336 _atext
_2rdacontent
337 _acomputer
_2rdamedia
338 _aonline resource
_2rdacarrier
650 _afood
_91783
650 _ahoney industry
_915222
710 _aUtusan Malaysia
856 _zRequest full-text at [email protected]
942 _2lcc
942 _cNEWS
942 _kNSWC 004684
999 _c12091
_d12091